000 00295nam a22001337a 4500
003 SGT
082 _a370
_bM04B
100 _aBHATIA, R.L.
245 _aMODERN INDIAN EDUCATION & ITS PROBLEM
260 _aNEW DELHI
_bSURJEET PUB
_c2004
300 _a396
650 _aEDUCATION
942 _2ddc
_cBK
999 _c12260
_d12260